000 01056nam0a2200301 4500
001 RU\NLR\BIBL_A\011467027
005 20241105195437.0
010 _a9785990998148
_9100
021 _aRU
_b2017-59990
_94247
035 _a(RuMoRGB)008995148
035 _a(NLR Aleph) 011467027
090 _a11834506
_c11834506
100 _a20170906d2017 m y0rusy50 ca
101 0 _arus
102 _aRU
105 _aach z 000zc
200 1 _aЛетопись рода Жутаевых
_fпод общей редакцией Г. В. Жутаевой
210 _aМосква
_c[б. и.]
_d2017
215 _a227, [1] с., [49] л. ил., цв. ил., факс., портр.
_cил., факс., портр.
_d21
602 _aЖутаевы (род)
_92338673
_3RU\NLR\AUTH\6601621712
686 1 _aТ214(2)
702 1 _aЖутаева
_bГ. В.
_gГалина Викторовна
_4340
722 _aЖутаевы (род)
_4570
942 _cBOOK
980 _aGENEAL02
980 _aNBR